Effectif Argentine - Copa América 2021 - Statistiques

Statistiques générales
  • Ce quiz a été pris 77 fois
  • Le résultat moyen est 20 sur 29
Statistiques - réponses
POSTE CLUB NUMERO JOUEUR % Correct
G Aston Villa 23 Emiliano Martínez
100%
ATT Inter Milan 22 Lautaro Martínez
100%
ATT FC Barcelone 10 Lionel Messi
100%
DEF Ajax 25 Lisandro Martínez
100%
DEF Fiorentina 2 Lucas Martínez Quarta
100%
ATT PSG 11 Ángel Di María
97%
MIL PSG 5 Leandro Paredes
90%
ATT Manchester City 9 Sergio Agüero
87%
MIL Tottenham 20 Giovani Lo Celso
83%
ATT Atlético Madrid 21 Ángel Correa
82%
ATT Lazio Rome 16 Joaquín Correa
82%
DEF Ajax 3 Nicolás Tagliafico
80%
MIL Bayer Leverkusen 14 Exequiel Palacios
78%
MIL Udinese 7 Rodrigo De Paul
78%
ATT River Plate 27 Julián Álvarez
77%
DEF FC Séville 8 Marcos Acuña
72%
DEF SL Benfica 19 Nicolás Otamendi
72%
DEF Atalanta 13 Cristian Romero
63%
ATT FC Séville 24 Alejandro Gómez
60%
G River Plate 1 Franco Armani
55%
MIL Real Betis 18 Guido Rodríguez
53%
DEF Udinese 26 Nahuel Molina
53%
COACH - - Lionel Scaloni
50%
DEF River Plate 4 Gonzalo Montiel
47%
G FC Porto 12 Agustín Marchesín
37%
DEF Fiorentina 6 Germán Pezzella
37%
MIL Bologne 17 Nicolás Domínguez
37%
ATT VfB Stuttgart 15 Nicolás González
37%
G Udinese 28 Juan Musso
20%
Aucun quiz correspondant
Distribution des résultats
% des personnes avec chaque résultat
Percentile par nombre de réponses
Votre historique - résultats
Vous n’avez pas pris ce quiz